000 00447nam a22001697a 4500
005 20180411114712.0
008 160615b xxu||||| |||| 00| 0 eng d
020 _a81-259-1290-8
041 _aeng
082 _b7667
_a338.925
100 _aMishra, R.K. & others
_91955
245 _aPrivatisation a Global perspective
260 _aNew Delhi
_bVikas Publishing House (P) Ltd.
_c2004
300 _a300
650 _aManagement
_9241
942 _cBK
999 _c2739
_d2738